00498nam a2200121Ia 4500008004100000100001800041245008100059245005000140260000900190300002800199440005400227650009500281171207s9999 xx 000 0 und d aTowler, Alice aEvaluating the feature comparison strategy for forensic face identification. cTowler, Alice; White, David; Kemp, Richard I. c2017 apages 47-58, March 2017 aJournal of Experimental Psychology: Appliedv23:1 aFACE RECOGNITION, UNFACE FACE MATCHING, PERSON IDENTIFICATION, EXPERTISE, FORENSIC SCIENCE